Самые известные охотники мира (Запись № 11937921)

Подробности
000 -МАРКЕР
контрольное поле 01560nam0a2200313 4500
001 - ИДЕНТИФИКАТОР ЗАПИСИ
контрольное поле RU\NLR\BIBL_A\012110501
005 - ИДЕНТИФИКАТОР ВЕРСИИ
контрольное поле 20191010132225.0
010 ## - МЕЖДУНАРОДНЫЙ СТАНДАРТНЫЙ НОМЕР КНИГИ (ISBN)
Номер (ISBN) 978-5-91342-031-2
Тираж 100
021 ## - НОМЕР ГОСУДАРСТВЕННОЙ РЕГИСТРАЦИИ
Код страны Российская Федерация
Номер КН-П-19-066398
Номер Листа государственной регистраци КН-П-19-4776
035 ## - ДРУГИЕ СИСТЕМНЫЕ НОМЕРА
Идентификатор записи (NLR Aleph) 012110501
035 ## - ДРУГИЕ СИСТЕМНЫЕ НОМЕРА
Идентификатор записи (RuMoRGB)010087961
100 ## - ДАННЫЕ ОБЩЕЙ ОБРАБОТКИ
Данные общей обработки 20191003d2019 u y0rusy50 ca
101 1# - ЯЗЫК РЕСУРСА
Язык текста, звукозаписи и т.д. русский
Язык оригинала английский
102 ## - СТРАНА ПУБЛИКАЦИИ ИЛИ ПРОИЗВОДСТВА
Страна публикации Российская Федерация
105 ## - ПОЛЕ КОДИРОВАННЫХ ДАННЫХ: ТЕКСТОВЫЕ МАТЕРИАЛЫ, МОНОГРАФИЧЕСКИЕ
Кодированные данные о монографическом текстовом документе y z ||000zd
200 1# - ЗАГЛАВИЕ И СВЕДЕНИЯ ОБ ОТВЕТСТВЕННОСТИ
Основное заглавие Самые известные охотники мира
Первые сведения об ответственности Союз охотников и рыболовов Свердловской области, Ирбитское общество охотников и рыболовов, Секция охотничьего наследия
Последующие сведения об ответственности [А. С. Еремин, перевод с английского
-- составители Н. И. Быков, А. С. Еремин]
210 ## - ПУБЛИКАЦИЯ, РАСПРОСТРАНЕНИЕ И ДР.
Место издания, распространения и т.д. Ирбит
Имя издателя, распространителя и т. д. Печатный вал
Дата издания, распространения и т.д. 2019
215 ## - ФИЗИЧЕСКАЯ ХАРАКТЕРИСТИКА
Специфическое обозначение материала и объем 138 с.
Размеры 21
606 1# - НАИМЕНОВАНИЕ ТЕМЫ КАК ПРЕДМЕТ
Наименование темы Охотники
Системный номер авторитетной/нормативной записи 2352062
Идентификатор авторитетной/нормативной записи RU\NLR\AUTH\6601628043
686 1# - ИНДЕКСЫ ДРУГИХ КЛАССИФИКАЦИЙ
Индекс П711д(0)
702 #1 - ИМЯ ЛИЦА - ВТОРИЧНАЯ ОТВЕТСТВЕННОСТЬ
Код отношения Составитель
Графика поля Кириллица
Материалы, к которым относится поле rus
Начальный элемент ввода Быков
Часть имени, кроме начального элемента ввода Н. И.
Дополнения к именам, кроме дат пред. о-ва охотников и рыболовов
Расширение инициалов личного имени Николай Иванович
Системный номер авторитетной/нормативной записи 191513
Идентификатор авторитетной/нормативной записи RU\NLR\AUTH\770191564
712 02 - НАИМЕНОВАНИЕ ОРГАНИЗАЦИИ - ВТОРИЧНАЯ ОТВЕТСТВЕННОСТЬ
Код отношения Прочие
Начальный элемент ввода Ирбитское общество охотников и рыболовов
Структурное подразделение Секция охотничьего наследия
Системный номер авторитетной/нормативной записи 679748
Идентификатор авторитетной/нормативной записи RU\NLR\AUTH\880509723
942 ## - ДОПОЛНИТЕЛЬНЫЕ ЭЛЕМЕНТЫ ЗАПИСИ (АБИС)
Тип экземпляра АБИС Книга
980 ## - КОЛЛЕКЦИЯ
Название коллекции НБР
980 ## - КОЛЛЕКЦИЯ
Название коллекции Национальная библиография

Нет доступных экземпляров.